Statystyki dla Najgłębsze Jeziora Polski

Kliknij tutaj aby rozwiązać quiz!

Ogólne statystyki

  • Ten quiz został rozwiązany 26 razy
  • Średni wynik to 4 z 15

Statystyki odpowiedzi

Miejsce w RankinguGłębokość (w metrach)WojewództwoMiejscowości NadbrzeżneJezioro% Poprawnych
1106,2podlaskieBłaskowizna, Mierkinie, Stara Hańcza, PrzełomkaHańcza
100%
282,2zachodniopomorskieCzaplinek, Stare Drawsko, UrazDrawsko
63%
574,2poslaskieBryzgiel, Burdeniszki, Cimochowizna, Czerwony Folwark, Czerwony Krzyż, Gawrych Ruda, Krusznik, Magdalenowo, Mikołajewo, Rosochaty Róg, Stary Folwark, Tartak, Wigry, ZakątyWigry
50%
477,0małopolskiebrak, położone w Dolinie Rybiego PotokuCzarny Staw pod Rysami
33%
669,5pomorskieCzarlina-Osada, Skoczkowo, Wdzydze Kiszewskie, Gołuń, Olpuch, Kruszyna, Zabrody, Wdzydze Tucholskie, Joniny Duże, Kozłowiec, SłupinkoWdzydze
33%
380,3małopolskiebrak, położone w Dolinie Pięciu Stawów PolskichWielki Staw Polski
17%
1255,8warmińsko-mazurskieEłk, Chruściele, Barany, SiedliskaEłckie
13%
1454,8podlaskie, przez jezioro przebiega granica z Litwąpo polskiej stronie: Radziucie, Jenorajście, ŻegaryGaładuś
13%
960,7zachodniopomorskieMoryń, Przyjezierze, GądnoMorzycko
13%
865,2warmińsko-mazurskieŚledzie, Rów, RańskBabięty Wielkie
8%
1355,5podlaskieTurówka Stara, TaciewoOżewo
8%
1156,6warmińsko-mazurskieRozogi, Maradki, Wola Maradzka, PiłakPiłakno
8%
7warmińsko-mazurskieMysłaki, Bieniasze, KsiążnikWuksniki
8%
1058,8lubuskieŁagówTrześniowskie
4%
1554,6warmińsko-mazurskieDorotowo, Tomaszkowo, Majdy, KręskWulpińskie
4%

Rozkład punktacji

Percentyl według liczby udzielonych odpowiedzi

Procent ludzi z każdym wynikiem

Twoja historia wyników

Nie rozwiązałeś tego quizu